00343nam a2200133Ia 4500008004100000020001600041041001200057082001600069100002000085245005700105260002500162300000800187650001400195221030s9999 xx 000 0 und d a81203=29139 aEnglish a105.23bTan aA. S. Tanenbaum 0aStructured Computer Organizationcby A. S. Tanenbaum bPHIaNew Delhic2006 a777 aComputers